Çalışma yaşamı ile ilgili çalışmalarımız (Record no. 8885)

MARC details
000 -BAŞLIK
Sabit Uzunlukta Kontrol Alanı 01141na a2200325 4500
001 - KONTROL NUMARASI
Denetim Alanı 20757
003 - KONTROL NUMARASI IDENTIFIER
Denetim Alanı MIRAKIL
005 - SON İŞLEM TARİHİ VE ZAMANI
Denetim Alanı 20181213155227.0
008 - SABİT-BOY VERİ ELEMANLARI - GENEL BİLGİLER
Sabit Uzunlukta Kontrol Alanı 170126b tu 000 0
035 ## - SİSTEM KONTROL NUMARASI
Sistem Kontrol Numarası 20757
040 ## - KATALOGLAMA KAYNAK
Orijinal Kataloglama Ajansı Milas
Kataloglama Dili tur
Metne Dönüştürmek Ajansı TR-AnCHP
041 ## - DİL KODU
Metin / Ses Parça Veya Ayrı Başlığın Dil Kodu tur
082 ## - DEWEY ONLU SINIFLANDIRMA NUMARASI
Sınıflandırma Numarası CHP 368.4
Ürün Numarası C36ç 2014
090 ## - SINIFLAMA NUMARASI
Sınıflama Numarası BROŞÜR 196
110 ## - ANA GİRİŞ - KURUMSAL ADI
Giriş Elemanı Olarak Kurumsal Ad Veya Yargı Alanı Adı Cumhuriyet Halk Partisi (CHP)
Alt Birim Emek Büroları
245 ## - BAŞLIK TABLOSU
Başlık Çalışma yaşamı ile ilgili çalışmalarımız
Sorumluluk Tablosu, Vb CHP Emek Büroları
260 ## - YAYIN, DAĞITIM, VB
Yayın, Dağıtım, Vb Yeri Ankara
Yayıncı, Dağıtıcı, Vs Adı [CHP]
Yayın, Dağıtım, Vb Tarihi 2014
Üretici Firma [CHP Sendikalı işçiler]
300 ## - FİZİKSEL TANIM
Kapsam 44 s.
Diğer Fiziksel Ayrıntıları rnkl. fotg.
Boyutlar 27 sm.
440 ## - SERİSİ TABLOSU / KATMA GİRİŞİ - BAŞLIK
Başlık Cumhuriyet Halk Partisi yayınları
Bir İşin Parçası / Bölümün İsmi Raporlar
610 ## - KONU KATMA GİRİŞ - TOPLANTI ADI
Giriş Elemanı Olarak Kurumsal Ad Veya Yargı Alanı Adı CHP
Genel Alt Bölüm Sosyal güvenlik
Kronolojik Alt Bölüm İktidar eleştirisi
610 ## - KONU KATMA GİRİŞ - TOPLANTI ADI
Giriş Elemanı Olarak Kurumsal Ad Veya Yargı Alanı Adı AKP
Genel Alt Bölüm Sosyal güvenlik politikaları
Kronolojik Alt Bölüm Eleştiriler
610 ## - KONU KATMA GİRİŞ - TOPLANTI ADI
Giriş Elemanı Olarak Kurumsal Ad Veya Yargı Alanı Adı CHP
Genel Alt Bölüm Sosyal güvenlik sorunu
Kronolojik Alt Bölüm Çözüm önerileri
610 ## - KONU KATMA GİRİŞ - TOPLANTI ADI
Giriş Elemanı Olarak Kurumsal Ad Veya Yargı Alanı Adı CHP
Genel Alt Bölüm Toplumsal sorunlar
Kronolojik Alt Bölüm Çözüm önerileri
610 ## - KONU KATMA GİRİŞ - TOPLANTI ADI
Giriş Elemanı Olarak Kurumsal Ad Veya Yargı Alanı Adı CHP
Genel Alt Bölüm Soru önergeleri
Kronolojik Alt Bölüm Sosyal güvenlik
650 ## - KONU KATMA GİRİŞ - TOPİKAL DÖNEM
Topikal Süreli Veya Coğrafi Ad Giriş Elemanı Sendikal örgütlenme
Genel Alt Bölümü Sendikal haklar
651 ## - KONU KATMA GİRİŞ - COĞRAFİ ADI
Coğrafi İsim Türkiye
Genel Alt Bölümü Siyaset ve yönetim
Kronolojik Alt Bölümü 2002-
830 ## - SERİSİ EKLENDİ GİRİŞ - ÜNİFORM ADI
Üniforma Başlık CHP raporları
942 ## - EKLENDİ GİRİŞ ELEMANLARI (KOHA)
Sınıflandırma Veya Raf Düzeni Kaynak Dewey Decimal Classification
Koha Öğesi Türü Books
999 ## - SİSTEM KONTROL NUMARALARI (KOHA)
Koha Biblionumber 8885
Koha Biblioitemnumber 8885
Holdings
Kullanım Kısıtlamaları Kalıcı Konum Mevcut Konum Edinme Tarihi Edinim Kaynak Kodlu Konum Eleme Toplam Check-Out'Lar Tam Çağrı Numarası Barkod Tarih Son Görülme Kopya Sayısı İtibaren Geçerli Fiyatlar Koha Öğesi Türü
Kütüphane dışına çıkarılamaz CHP Kütüphanesi CHP Kütüphanesi 01/26/2017 Bağış BROŞÜRLER   BROŞÜR 196 013049 01/26/2017 k.2 01/26/2017 Visual Material